LEADER 01160nam a2200265 i 4500 001 000000182954 003 CaOOAMICUS 005 20201102161009.0 008 091103s1965 it u000 u ita u 013 $a160915 040 $aSeMil$bita 100 1 $aMinzoni, Giovanni,$d<1885-1923>.$0(OLS)http://semarc/name/38781 245 13$aIl diario di Don Minzoni /$ca cura e con introduzione di Lorenzo Bedeschi. 260 $aBrescia :$bMorcelliana,$ccopyr. 1965. 300 $a271 p. ;$c23 cm. 490 0 $aBiblioteca di storia contemporanea ;$v25 500 $aContiene : Appendice ; Date biografiche. 600 14$aMinzoni, Giovanni .$0(OLS)http://semarc/subject/7323 700 1 $aBedeschi, Lorenzo,$d<1915-2006>.$0(OLS)http://semarc/name/3662 830 0$aBiblioteca di storia contemporanea ;$v25.$0(OLS)http://semarc/title/374 850 $aSeMil 852 $aSeMil$W1$xVenegono$y1$m3E II 150$j133658$B133658$CSeMilBibl$Z2$F145414 $81 996 $6245$aIl diario di Don Minzoni$9(OLS)http://semarc/title/262565 996 $6260$aBrescia :$bMorcelliana$9(OLS)http://semarc/publisher/29629 LEADER 01115nam a2200253 i 4500 001 000000092668 003 CaOOAMICUS 005 20171121000000.0 008 171121s2016 it u000 u ita u 013 $a64910 020 $a978-88-6671-326-5 040 $aSeMil$bita 100 1 $aDella Sala, Stefano.$0(OLS)http://semarc/name/70799 245 12$aI santuari della diocesi di Novara :$balla scoperta dei luoghi di fede, devozione e di arte /$cStefano Della Sala. 260 $aGorle :$bVelar,$c2016. 300 $a309 p. :$bill. ;$c21 cm. 650 4$aNovara (Diocesi) - Storia.$0(OLS)http://semarc/subject/17537 650 4$aNovara (Diocesi) - Santuari.$0(OLS)http://semarc/subject/45800 850 $aSeMil 852 $aSeMil$W1$xVenegono$y1$m4Y III 243$j55555$B55555$CSeMilBibl$Z2$F60269 $81 961 $aOmaggio: Altro 996 $6020$a978-88-6671-326-5$9(OLS)http://semarc/number/272155 996 $6245$aI santuari della diocesi di Novara :$balla scoperta dei luoghi di fede, devozione e di arte$9(OLS)http://semarc/title/406186 996 $6260$aGorle :$bVelar$9(OLS)http://semarc/publisher/33489